| 000 | 00463nam a22001457a 4500 | ||
|---|---|---|---|
| 999 |
_c234501 _d234501 |
||
| 003 | Nust | ||
| 005 | 20170321161115.0 | ||
| 008 | 131129t xxu||||| |||| 00| 0 eng d | ||
| 020 | _a978-81-313-0304-7 | ||
| 040 |
_aASAB _cASAB |
||
| 082 | _a660 | ||
| 100 | _9342 | ||
| 245 |
_aBiotechnology _cDr. C.S. Patil |
||
| 300 | _a273 p | ||
| 942 |
_2ddc _cBK |
||